Geschichte als Gedächtnis

Titel: Geschichte als Gedächtnis : der livländische Historiker und Jurist Friedrich Konrad Gadebusch (1719 - 1788) / von Christina Kupffer
Verfasser:
Veröffentlicht: Köln : Böhlau, 2004
Umfang: XII,468 S.
Format: Buch
Sprache: Deutsch
Schriftenreihe/
mehrbändiges Werk:
Quellen und Studien zur baltischen Geschichte ; 18
Hochschulschrift: Zugl.: Göttingen, Univ., Diss., 2001
RVK-Notation:
Schlagworte:
ISBN: 3412045047
Buchumschlag
X
Lokale Klassifikation: 2 G 1117
alg: 12037178
001A    $03004:08-04-04 
001B    $01999:11-05-21 $t20:58:17.000 
001C    $00030:22-05-07 $t21:03:47.000 
001D    $03004:08-04-04 
001U    $0utf8 
001X    $00 
002@    $0Aau 
003@    $0120371782 
003O    $054929014 $aOCoLC 
004A    $03-412-04504-7 
004K    $09783412045043 
006G    $0970737807 
006T    $004,N17,1495 
006U    $004,H06,3150 $f20040325 
007A    $0120371782 $aHEB 
007G    $0DE020DB4CB0B92D9568BAC12582AD0045CA58 
007T    $0Herd55622 
009P    $qapplication/pdf $A2 $3Inhaltsverzeichnis $uhttp://scans.hebis.de/HEBCGI/show.pl?12037178_toc.pdf $mV:DE-603;B:DE-Mb50 
010@    $ager 
011@    $a2004 
013H    $0z 
021A    $aGeschichte als Gedächtnis $dder livländische Historiker und Jurist Friedrich Konrad Gadebusch (1719 - 1788) $hvon Christina Kupffer 
028A    $7128594012 $8Kupffer, Christina$Z1969- [Tp3] $9159072999 
033A    $pKöln $nBöhlau 
034D    $aXII,468 S. 
036E    $aQuellen und Studien zur baltischen Geschichte $l18 
036F    $x218 $8Quellen und Studien zur baltischen Geschichte $9001088106 $l18 
037C    $aZugl.:  $bGöttingen $cUniv., Diss., 2001 
039U    $8--Aox--Henning, Judith. Kupffer, Christina, 1969-. Geschichte als Gedächtnis. - Köln : Böhlau. -  2004 [Rezension], 2005 $9394758765 
039U    $8--Aox--Schmidt, Christoph. Kupffer, Christina, 1969-. Geschichte als Gedächtnis. - Köln : Böhlau. -  2004 [Rezension], 2006 $9394758773 
041A    $#Gadebusch, F. K. $#Gadebusch, Friederich Konrad $#Gadebusch, Friedrich Conrad $#Gadebusch, Friederich Conrad $#Gadebusch, Friedrich K. $#Gadebusch, Friedrich C. $712015742X $8Gadebusch, Friedrich Konrad$Z1719-1788 [Tp1] $9087917009 
041A/01 $RGegenaufklärung $#Enlightenment $#Mouvement des Lumières $#Illuminismo $#Ilustración $#Aufklärung $#Aufklärungszeitalter $#Aufklärungszeitalter $#Aufklärungszeit $74003524-4 $8Aufklärung [Ts1] $9085001120 
041A/02 $RSchrifttum $RGeschichtswissenschaft $#Historiography $#Historiographie $#Historiographie $#Historiografie $#Historisierung $74020531-9 $8Geschichtsschreibung [Ts1] $9085049425 
041A/03 $#Liivimaa $#Vidzeme $#Livonija $#Vidzeme $#Livonia $#Inflanty $74036075-1 $8Livland [Tg1] $9085097721 
045E    $c940 
045F    $a929.094798 $eDDC23BSB 
045F/01 $a929 
045F/03 $g4798 
045F/03 $g4796 
045R    $aGeschichte 1680-1790 
045Z    $8NB 5450 [Tkv] $9410848549 
045Z    $8NB 6000 [Tkv] $9410848743 
045Z    $8NN 7925 [Tkv] $9410900737 

lok: 12037178 3
101B    $001-08-06 $t17:43:06.000 
101C    $001-08-06 
145S/01 $a039 
101U    $0utf8 

exp: 12037178 3 1 #EPN
201B/01 $022-05-07 $t21:03:47.000 
201C/01 $005-11-04 
201U/01 $0utf8 
203@/01 $0221516662 
208@/01 $a04-01-05 $bzCh 
209A/01 $a02/NB 5450 K96 $du $f330 $h02 NB 5450 K96 $x00 
209B/01 $a4401 $x05 
209C/01 $aBzG-2004/8768 
209G/01 $a1001748520 $x00 
247C/01 $8601330-2 <30/330>Frankfurt, Universitätsbibliothek J. C. Senckenberg, Bibliothekszentrum Geisteswissenschaften (BzG) $9102599378 

lok: 12037178 24
101B    $008-04-04 $t13:55:29.000 
101C    $008-04-04 
145Z/01 $a2 G 1117 
101U    $0utf8 

exp: 12037178 24 1 #EPN
201B/01 $008-04-04 $t13:59:15.000 
201C/01 $008-04-04 
203@/01 $0212571516 
208@/01 $a08-04-04 $bz 
209A/01 $a04.0968 $du $f050 $h04 0968 $x00 
209C/01 $a04.0968 G $h04 0968 G 
209G/01 $a70503140 $x00 
247C/01 $8358050-7 Marburg, Bibliothek des Herder-Instituts Marburg $9102600961 
201U/01 $0utf8 

lok: 12037178 78

exp: 12037178 78 1 #EPN
201B/01 $001-03-19 $t22:51:25.000 
201U/01 $0utf8 
203@/01 $0791711927 
208@/01 $a12-11-16 $be 
209A/01 $a/ $f000 $x00 
220C/01 $aTitelaufnehmer: nk;ed 
237A/01 $aweiterführende Signatur(en):  04.0968 
244Z/01 $2Trx $#Estija $#Igaunija $#Estland $#Estonia $#Estonia $#Estónsko $#Estonsko $8--Trx--Eesti $x01 $9391237225 
244Z/01 $2Trx $#Latvija $#Lettland $#Łotwa $#Lotyšsko $8--Trx--Latvija $x02 $9391275879 
244Z/01 $#Liivimaa $#Vidzeme $#Livonija $#Vidzeme $#Livonia $#Inflanty $74036075-1 $8--Tg1--Livland $x03 $9085097721 
244Z/01 $#Tartu $#Dorpat $#Dorpat Tartu $#Derpt $#Tartu, Töörahva Saadikute Nõukogu $#TSN $#Tartu, Sovet Trudjašcichsja Deputatov $#Tartu Linna TSN Täitevkomitee $#Töörahva Saadikute Nõukogu Tartu $#Sovet Trudjašcichsja Deputatov Tartu $71029285-8 $8--Tg1--Tartu $x04 $9042051304 
244Z/01 $aGeschichte 1719-1788 $x05 
244Z/01 $2Trx $8--Trx--Gadebusch, Friedrich Konrad$Z1719-1788 $x06 $9391090992 
244Z/01 $2Trx $#ajaloolased $#istorikai $#historians $#történészek $#historycy $#historici $#historici $8--Trx--Historiker $x07 $9391373544 
244Z/01 $2Trx $#juristid $#teisininkai $#jurists $#jogászok $#prawnicy $#právnici $#právníci $#Kanonisten $#Richter $#Rechtsanwälte $#kanoniści $#sędziowie $#adwokaci $#kanonisti $#sudci $#advokáti $#advokáti $8--Trx--Juristen $x08 $9391369474 
244Z/01 $2Trx $8--Trx--Monographie $x09 $9391384546 
245Z/01 $a12.03 $x01 
247C/01 $82080>Marburg/Lahn, Herder-Institut, Forschungsbibliothek, Bibliographieportal $9336309341
LEADER 00000cam a2200000 c 4500
001 120371782
003 DE-603
005 20210511205817.0
007 tu
008 040408s2004 xx |||| | u00||u|ger
015 |a 04,H06,3150  |z 04,N17,1495  |2 dnb 
016 7 |2 DE-101  |a 970737807 
020 |a 3412045047 
024 3 |a 9783412045043 
035 |a (DE-599)HEB120371782 
035 |a (OCoLC)54929014 
040 |a DE-603  |b ger  |c DE-603  |d DE-603 
041 |a ger 
082 0 4 |8 1\u  |a 929.094798  |q DE-101  |2 23/BSB 
084 |a 940  |q DE-101  |2 sdnb 
084 |a NB 5450  |0 (DE-625)124133:  |0 (DE-603)410848549  |2 rvk 
084 |a NB 6000  |0 (DE-625)124153:  |0 (DE-603)410848743  |2 rvk 
084 |a NN 7925  |0 (DE-625)127104:  |0 (DE-603)410900737  |2 rvk 
085 |8 1\u  |b 929 
085 |8 1\u  |z 2  |s 4798 
085 |8 1\u  |z 2  |s 4796 
100 1 |a Kupffer, Christina  |d 1969-  |0 (DE-603)159072999  |0 (DE-588)128594012  |2 gnd 
245 0 0 |a Geschichte als Gedächtnis  |b der livländische Historiker und Jurist Friedrich Konrad Gadebusch (1719 - 1788)  |c von Christina Kupffer 
264 1 |a Köln  |b Böhlau  |c 2004 
300 |a XII,468 S. 
490 1 |a Quellen und Studien zur baltischen Geschichte  |v 18 
502 |a Zugl.: Göttingen, Univ., Diss., 2001 
600 1 7 |a Gadebusch, Friedrich Konrad  |d 1719-1788  |0 (DE-588)12015742X  |0 (DE-603)087917009  |2 gnd 
648 7 |a Geschichte 1680-1790  |2 gnd 
650 7 |a Aufklärung  |0 (DE-588)4003524-4  |0 (DE-603)085001120  |2 gnd 
650 7 |a Geschichtsschreibung  |0 (DE-588)4020531-9  |0 (DE-603)085049425  |2 gnd 
651 7 |a Livland  |0 (DE-588)4036075-1  |0 (DE-603)085097721  |2 gnd 
787 0 8 |i Rezensiert in  |a Henning, Judith  |t Kupffer, Christina, 1969-. Geschichte als Gedächtnis. - Köln : Böhlau. - 2004 [Rezension]  |w (DE-603)394758765 
787 0 8 |i Rezensiert in  |a Schmidt, Christoph  |t Kupffer, Christina, 1969-. Geschichte als Gedächtnis. - Köln : Böhlau. - 2004 [Rezension]  |w (DE-603)394758773 
830 0 |t Quellen und Studien zur baltischen Geschichte  |v 18  |w (DE-603)001088106  |w (DE-600)191264-1  |9 218  |7 as 
856 4 2 |m V:DE-603;B:DE-Mb50  |q application/pdf  |u http://scans.hebis.de/HEBCGI/show.pl?12037178_toc.pdf  |3 Inhaltsverzeichnis 
924 0 |9 30/330  |a (DE-603)221516662  |b DE-30-330  |c HES  |d d  |g 02/NB 5450 K96 
924 0 |9 Mb 50  |a (DE-603)212571516  |b DE-Mb50  |c HES  |d c  |g 04.0968 
924 0 |9 2080  |a (DE-603)791711927  |b DE-2080  |c HES  |d d  |g /